00478nam a2200193 a 4500001001300000003000900013005001700022008004100039020001000080082002000090100002200110245002100132260003600153300000900189500003500198505001200233650001700245700002200262nice12345678IN_TiNIC20260116011958.0050524s1932 shia grp 000 0 eng  ac10000a305.480297bIMA aImam Akbarabadi,  aPurdah Va Taleem aShimlabIndian Institute c1932 a112p aincludes index and biblioraphy2 aReserve aMuslim Women1 aImam Akbarabadi,